| 000 | 00927nam a2200301 i 4500 | ||
|---|---|---|---|
| 001 | bg | ||
| 245 | 7 | 0 |
_aBiologia / _cSolomon, Berg, Martin, Villee ; [zesp. tł. Alicja Borowska et al.]. |
| 246 |
_iTyt. oryg.: _aBiology |
||
| 250 | _aWyd. 2, popr. (wg 3 wyd. amer.). | ||
| 260 |
_aWarszawa : _bMULTICO, _c2000. |
||
| 300 |
_aXXXI, 1302 s. : _bfot., rys., wykr. ; _c29 cm. |
||
| 500 | _aOryg. "Biology" 1993. | ||
| 650 | 9 | _aBiologia | |
| 655 | _aPodręczniki | ||
| 700 | 1 | _aSOLOMON, Eldra Pearl. | |
| 700 | 1 | _aBERG, Linda R. | |
| 700 | 1 | _aMARTIN, Diana W. | |
| 700 | 1 | _aVILLEE, Claude A. | |
| 700 | 1 |
_aBOROWSKA, Alicja. _eTł. |
|
| 020 | _a8370730906 | ||
| 040 | _cBPK | ||
| 041 | 1 |
_apl _hen |
|
| 080 | _a57/59(07) | ||
| 920 | _a83-7073-090-6 | ||
| 942 | _cKS | ||
| 008 | s pl f |000 0 pol | ||
| 999 |
_c43619 _d43619 |
||
| 856 |
_uhttp://koha.tu.koszalin.pl/cgi-bin/koha/opac-detail.pl?biblionumber=43619 _yKatalog online BPK |
||